[Event "DEM U18 2004"]
[Site "Willingen GER"]
[Date "2004.06.04"]
[Round "8"]
[White "Koller, Jens"]
[Black "Holzschuh, Stephan"]
[Result "1-0"]
[Termination "normal"]
[Board "6"]
[WhiteElo "2256"]
[BlackElo "2153"]
[PlyCount "59"]
[WhiteFideId "4680952"]
[BlackFideId "4677471"]
[EventCountry "GER"]
[EventRounds "9"]
[EventType "swiss"]
[EventDate "2004.05.29"]

1. e4 c5 2. Nf3 Nc6 3. d4 cxd4 4. Nxd4 e5 5. Nb5 d6 6. N1c3 a6 7. Na3 b5 8. Nd5
Nge7 9. Bg5 f6 10. Be3 Nxd5 11. exd5 Ne7 12. c4 f5 13. cxb5 g6 14. bxa6 Qa5+
15. Bd2 Qxd5 16. Nb5 Qe4+ 17. Be2 Nd5 18. Rc1 Qh4 19. g3 Qd8 20. Bc4 Nf6 21.
Nc7+ Qxc7 22. Bb5+ Qd7 23. Bxd7+ Bxd7 24. Qb3 Rxa6 25. Rc7 h6 26. O-O Bg7 27.
Rfc1 Ke7 28. Qb7 Rxa2 29. Bb4 Rd8 30. Bxd6+ 1-0

[Event "DEM U18 2004"]
[Site "Willingen GER"]
[Date "2004.06.04"]
[Round "8"]
[White "Jovalekic, Oliver"]
[Black "Döhn, Raphael"]
[Result "1-0"]
[Termination "normal"]
[Board "7"]
[WhiteElo "2164"]
[BlackElo "2052"]
[PlyCount "59"]
[WhiteFideId "4682530"]
[BlackFideId "4695291"]
[EventCountry "GER"]
[EventRounds "9"]
[EventType "swiss"]
[EventDate "2004.05.29"]

1. e4 c5 2. Nf3 d6 3. Bc4 Nf6 4. d3 e6 5. O-O Be7 6. Re1 O-O 7. Bb3 Nc6 8. c3
d5 9. Nbd2 dxe4 10. dxe4 e5 11. Qe2 Qc7 12. Nf1 Be6 13. Ne3 Bxb3 14. axb3 Rfd8
15. Nf5 Bf8 16. Bg5 Be7 17. Qc4 b6 18. b4 Ne8 19. bxc5 bxc5 20. Ra6 Bxg5 21.
Nxg5 Rd7 22. Nxf7 Rxf7 23. Rxc6 Qb7 24. b4 cxb4 25. cxb4 Rd8 26. Re6 Qc7 27.
Qb3 Kh8 28. Rxe5 Qxe5 29. Qxf7 Nd6 30. Qc7 1-0

[Event "DEM U18 2004"]
[Site "Willingen GER"]
[Date "2004.06.04"]
[Round "8"]
[White "Engelmann, Jakob"]
[Black "Werner, Daniel"]
[Result "0-1"]
[Termination "normal"]
[Board "8"]
[WhiteElo "1909"]
[BlackElo "2157"]
[PlyCount "42"]
[WhiteFideId "24619019"]
[BlackFideId "4662814"]
[EventCountry "GER"]
[EventRounds "9"]
[EventType "swiss"]
[EventDate "2004.05.29"]

1. e4 c5 2. Nc3 Nc6 3. f4 g6 4. Nf3 Bg7 5. Bc4 e6 6. O-O Nge7 7. Qe1 O-O 8. Qh4
Nd4 9. Nxd4 Bxd4+ 10. Kh1 d5 11. exd5 exd5 12. Be2 Be6 13. d3 Qd7 14. Bf3 Nf5
15. Qe1 Rfe8 16. Ne2 Bf6 17. g3 Nh6 18. c3 Bh3 19. Rg1 Re7 20. c4 Ng4 21. Bg2
Rae8 0-1

[Event "DEM U18 2004"]
[Site "Willingen GER"]
[Date "2004.06.04"]
[Round "8"]
[White "Lohr, Matthias"]
[Black "Peters, Stefan"]
[Result "1-0"]
[Termination "normal"]
[Board "9"]
[WhiteElo "2182"]
[BlackElo "1892"]
[PlyCount "43"]
[WhiteFideId "4692772"]
[EventCountry "GER"]
[EventRounds "9"]
[EventType "swiss"]
[EventDate "2004.05.29"]

1. d4 d5 2. Nf3 Nf6 3. Bf4 e6 4. e3 Be7 5. Bd3 O-O 6. Nbd2 b6 7. Ne5 Bb7 8. Qf3
c5 9. c3 Nfd7 10. Qh3 g6 11. Ndf3 Nxe5 12. Nxe5 Nd7 13. Nf3 Bf6 14. O-O Re8 15.
Qg3 Bg7 16. Rad1 Nf6 17. Qh3 c4 18. Bc2 b5 19. Bg5 Qb6 20. Ne5 Qd6 21. Qf3 Ne4
22. Qxf7+ 1-0

[Event "DEM U18 2004"]
[Site "Willingen GER"]
[Date "2004.06.04"]
[Round "8"]
[White "Laßan, Christian"]
[Black "Röber, Jürgen"]
[Result "1-0"]
[Termination "normal"]
[Board "10"]
[WhiteElo "2074"]
[BlackElo "2048"]
[PlyCount "43"]
[WhiteFideId "4685997"]
[BlackFideId "4697090"]
[EventCountry "GER"]
[EventRounds "9"]
[EventType "swiss"]
[EventDate "2004.05.29"]

1. e4 c5 2. Nf3 Nc6 3. Bb5 g6 4. Bxc6 bxc6 5. O-O Bg7 6. Re1 d5 7. d3 Ba6 8. c3
Qb6 9. Na3 e6 10. exd5 cxd5 11. d4 cxd4 12. Qa4+ Kf8 13. cxd4 Nf6 14. Ne5 Kg8
15. Be3 Bb7 16. Rac1 h5 17. h3 Ne8 18. Rc2 Nd6 19. Nd7 Qd8 20. Nc5 Bc8 21. Bf4
Bxd4 22. Qxd4 1-0

[Event "DEM U18 2004"]
[Site "Willingen GER"]
[Date "2004.06.04"]
[Round "8"]
[White "Mischke, Christian"]
[Black "Sbierski, Jan"]
[Result "0-1"]
[Termination "normal"]
[Board "11"]
[WhiteElo "1782"]
[BlackElo "1859"]
[PlyCount "102"]
[EventCountry "GER"]
[EventRounds "9"]
[EventType "swiss"]
[EventDate "2004.05.29"]

1. d4 Nf6 2. Nf3 g6 3. e3 Bg7 4. Bd3 d6 5. O-O O-O 6. c3 Nbd7 7. e4 e5 8. Nbd2
Nh5 9. dxe5 dxe5 10. Nc4 Re8 11. Bg5 Bf6 12. Be3 Qe7 13. b4 Nf4 14. Nb2 Nxd3
15. Nxd3 b6 16. Qc2 Bb7 17. Nc1 Bg7 18. Ne2 Nf6 19. Ng3 Rad8 20. Rfd1 h6 21. a3
Ng4 22. Qe2 Qe6 23. h3 Nxe3 24. Qxe3 Qb3 25. Nd2 Qa4 26. c4 Rd7 27. Ne2 Red8
28. Nc3 Qc2 29. Ra2 Qd3 30. Nd5 Qxe3 31. Nxe3 Bxe4 32. f3 Bb7 33. Kf2 f5 34.
Ke2 Kf7 35. Ndf1 Rxd1 36. Nxd1 e4 37. Rd2 exf3+ 38. gxf3 Rxd2+ 39. Nxd2 Ke6 40.
Nb3 Ke5 41. Ke3 f4+ 42. Kf2 Bc8 43. Kg2 Be6 44. Nb2 Kf5 45. Nd1 Bxc4 46. Nd2
Be2 47. Nf2 Bb2 48. Nb1 Bc4 49. Nd1 Bc1 50. Kf2 Bd3 51. Ndc3 Ke5 0-1

[Event "DEM U18 2004"]
[Site "Willingen GER"]
[Date "2004.06.04"]
[Round "8"]
[White "Steinbrügge, Rene"]
[Black "Trapp, Sascha"]
[Result "1/2-1/2"]
[Termination "normal"]
[Board "12"]
[WhiteElo "1866"]
[BlackElo "1950"]
[PlyCount "61"]
[EventCountry "GER"]
[EventRounds "9"]
[EventType "swiss"]
[EventDate "2004.05.29"]

1. e4 c5 2. c3 d5 3. exd5 Qxd5 4. d4 Nf6 5. Nf3 e6 6. Be2 Nc6 7. O-O cxd4 8.
cxd4 Be7 9. Nc3 Qd8 10. Bb5 O-O 11. Bxc6 bxc6 12. Ne5 Bb7 13. Qa4 c5 14. Rd1
cxd4 15. Rxd4 Qb6 16. Be3 Qxb2 17. Rc1 Bc5 18. Nd3 Qb6 19. Nxc5 Qxc5 20. Nd5
Qxd5 21. Rxd5 Bxd5 22. Bg5 Rfc8 23. Rxc8+ Rxc8 24. f3 Ra8 25. a3 h6 26. Bxf6
gxf6 27. Qf4 Kg7 28. Qg3+ Kh7 29. Qc7 Kg7 30. Qg3+ Kh7 31. Qc7 1/2-1/2

[Event "DEM U18 2004"]
[Site "Willingen GER"]
[Date "2004.06.04"]
[Round "8"]
[White "Willert, Christof"]
[Black "Roggon, Jacob"]
[Result "1-0"]
[Termination "normal"]
[Board "13"]
[WhiteElo "1673"]
[BlackElo "2041"]
[PlyCount "65"]
[BlackFideId "4689550"]
[EventCountry "GER"]
[EventRounds "9"]
[EventType "swiss"]
[EventDate "2004.05.29"]

1. d4 d5 2. c4 c6 3. Nf3 Nf6 4. Nc3 dxc4 5. e3 Bf5 6. Bxc4 e6 7. O-O Nbd7 8.
Qe2 Nb6 9. Bb3 Be7 10. h3 O-O 11. e4 Bg6 12. Bg5 h6 13. Bf4 Bb4 14. Bc2 Re8 15.
Rfd1 Nbd7 16. Rac1 Ba5 17. a3 Rc8 18. Qe3 Bc7 19. Bxc7 Rxc7 20. Qd2 Nb6 21. Ne5
Bh7 22. Qe2 Qc8 23. Nc4 Nxc4 24. Qxc4 Rd8 25. Bb1 Rcd7 26. Rd2 Qc7 27. Rcd1 Qf4
28. Qe2 c5 29. d5 exd5 30. e5 Bxb1 31. exf6 Bg6 32. Nxd5 Qf5 33. Ne7+ 1-0

[Event "DEM U18 2004"]
[Site "Willingen GER"]
[Date "2004.06.05"]
[Round "9"]
[White "Meinhardt, Maximilian"]
[Black "Schulenburg, Fabian"]
[Result "1-0"]
[Termination "normal"]
[Board "1"]
[WhiteElo "2285"]
[BlackElo "2030"]
[PlyCount "49"]
[WhiteFideId "4668766"]
[EventCountry "GER"]
[EventRounds "9"]
[EventType "swiss"]
[EventDate "2004.05.29"]

1. e4 d5 2. exd5 Qxd5 3. Nc3 Qa5 4. d4 c6 5. Bc4 Bf5 6. Bd2 e6 7. g4 Bg6 8. h4
h5 9. d5 cxd5 10. Nxd5 Qd8 11. Qe2 Nf6 12. Nxf6+ gxf6 13. g5 Be7 14. O-O-O Qc7
15. Bc3 a6 16. Nh3 Nd7 17. gxf6 Nxf6 18. Rhe1 Bf5 19. Ng5 Rc8 20. Bb3 Rg8 21.
Kb1 b5 22. Nxf7 Ne4 23. Nh6 Nxc3+ 24. bxc3 Qxc3 25. Nxf5 1-0

[Event "DEM U18 2004"]
[Site "Willingen GER"]
[Date "2004.06.05"]
[Round "9"]
[White "Lammers, Markus"]
[Black "Krämer, Martin"]
[Result "0-1"]
[Termination "normal"]
[Board "2"]
[WhiteElo "2148"]
[BlackElo "2243"]
[PlyCount "70"]
[WhiteFideId "4680847"]
[BlackFideId "4671910"]
[EventCountry "GER"]
[EventRounds "9"]
[EventType "swiss"]
[EventDate "2004.05.29"]

1. d4 Nf6 2. Nc3 d5 3. Bg5 Nbd7 4. Nf3 e6 5. e4 dxe4 6. Nxe4 Be7 7. Nxf6+ Bxf6
8. Qd2 Bxg5 9. Nxg5 Nf6 10. O-O-O b6 11. d5 Qxd5 12. Bb5+ Ke7 13. Qxd5 Nxd5 14.
Bc6 Rb8 15. Bxd5 exd5 16. Rxd5 h6 17. Re1+ Kf6 18. Ne4+ Kg6 19. Nc3 Be6 20. Rd3
Rbd8 21. Rxd8 Rxd8 22. Nb5 c5 23. Nxa7 Ra8 24. Nb5 Rxa2 25. Nc7 Ra1+ 26. Kd2
Rxe1 27. Kxe1 Kf5 28. Ke2 Ke5 29. Ke3 Bd7 30. Na8 b5 31. g3 Kd6 32. Nb6 Be6 33.
c4 Kc6 34. Nd5 Bxd5 35. cxd5+ Kxd5 0-1

[Event "DEM U18 2004"]
[Site "Willingen GER"]
[Date "2004.06.05"]
[Round "9"]
[White "Fiebig, Thomas"]
[Black "Heinz, Axel"]
[Result "1/2-1/2"]
[Termination "normal"]
[Board "3"]
[WhiteElo "2263"]
[BlackElo "2244"]
[PlyCount "74"]
[WhiteFideId "4693922"]
[BlackFideId "4667557"]
[EventCountry "GER"]
[EventRounds "9"]
[EventType "swiss"]
[EventDate "2004.05.29"]

1. e4 c5 2. c3 d5 3. exd5 Qxd5 4. d4 Nf6 5. Nf3 e6 6. Be2 Nc6 7. O-O cxd4 8.
cxd4 Be7 9. Nc3 Qd6 10. Nb5 Qd8 11. Bf4 Nd5 12. Bg3 a6 13. Nc3 O-O 14. Rc1 Nf6
15. a3 b6 16. Nb5 axb5 17. Rxc6 Nd5 18. Ne5 b4 19. a4 f6 20. Nd3 Bd7 21. Rc1
Bxa4 22. Qd2 Bd6 23. Bf3 Bb5 24. Rfe1 Bxg3 25. hxg3 Bxd3 26. Qxd3 Qd7 27. Qb3
Rfd8 28. Rc4 Rac8 29. Bg4 f5 30. Bf3 Rxc4 31. Qxc4 Kf7 32. Re5 Ne7 33. g4 Kf6
34. g3 Qd6 35. Kg2 g6 36. Re1 Rc8 37. Qa2 Rc2 1/2-1/2

[Event "DEM U18 2004"]
[Site "Willingen GER"]
[Date "2004.06.05"]
[Round "9"]
[White "Eisenbeiser, Amadeus"]
[Black "Postojev, Alexander"]
[Result "1/2-1/2"]
[Termination "normal"]
[Board "4"]
[WhiteElo "2229"]
[BlackElo "2150"]
[PlyCount "53"]
[WhiteFideId "4678338"]
[BlackFideId "4672186"]
[EventCountry "GER"]
[EventRounds "9"]
[EventType "swiss"]
[EventDate "2004.05.29"]

1. e4 c6 2. d4 d5 3. Nc3 dxe4 4. Nxe4 Nd7 5. Bc4 e6 6. Nf3 Ngf6 7. Nxf6+ Nxf6
8. O-O Be7 9. Bf4 O-O 10. Qe2 c5 11. Rad1 Nd5 12. Bxd5 Qxd5 13. dxc5 Qxc5 14.
Ne5 Bf6 15. Rd3 b6 16. Rh3 g6 17. Rd1 Bg7 18. c3 Bb7 19. b4 Qe7 20. Rd7 Qf6 21.
Qd2 Bd5 22. Rxd5 exd5 23. Nd7 Qf5 24. Nxf8 Qb1+ 25. Qc1 Qxc1+ 26. Bxc1 Kxf8 27.
Rd3 1/2-1/2

[Event "DEM U18 2004"]
[Site "Willingen GER"]
[Date "2004.06.05"]
[Round "9"]
[White "Degtiarev, Jewgeni"]
[Black "Koller, Jens"]
[Result "1-0"]
[Termination "normal"]
[Board "5"]
[WhiteElo "2284"]
[BlackElo "2256"]
[PlyCount "79"]
[WhiteFideId "4149610"]
[BlackFideId "4680952"]
[EventCountry "GER"]
[EventRounds "9"]
[EventType "swiss"]
[EventDate "2004.05.29"]

1. d4 Nf6 2. c4 c5 3. d5 b5 4. Nd2 Qa5 5. Qc2 bxc4 6. e4 e6 7. Ngf3 exd5 8.
exd5 Be7 9. Bxc4 O-O 10. O-O d6 11. Re1 Qd8 12. Nf1 Nbd7 13. Bd2 Nb6 14. Ba5
Nfd7 15. Ne3 g6 16. Bb5 Nb8 17. Rad1 Na6 18. a4 Bf6 19. b3 Bg7 20. Nc4 Rb8 21.
Qc1 Nc7 22. Bxb6 axb6 23. Qf4 Nxb5 24. axb5 Bf5 25. Re2 Qc7 26. Qxd6 Qxd6 27.
Nxd6 Bg4 28. h3 Bxf3 29. gxf3 Rfd8 30. Nc4 Bf8 31. Ra2 Rd7 32. Ra6 Rbd8 33.
Rxb6 Rxd5 34. Rxd5 Rxd5 35. Rb8 Kg7 36. b6 Rd1+ 37. Kg2 Rb1 38. Na5 Bd6 39. Rd8
Ra1 40. Nc4 1-0

[Event "DEM U18 2004"]
[Site "Willingen GER"]
[Date "2004.06.05"]
[Round "9"]
[White "Werner, Daniel"]
[Black "Jovalekic, Oliver"]
[Result "1-0"]
[Termination "normal"]
[Board "6"]
[WhiteElo "2157"]
[BlackElo "2164"]
[PlyCount "81"]
[WhiteFideId "4662814"]
[BlackFideId "4682530"]
[EventCountry "GER"]
[EventRounds "9"]
[EventType "swiss"]
[EventDate "2004.05.29"]

1. e4 c5 2. Nf3 Nc6 3. d4 cxd4 4. Nxd4 Nf6 5. Nc3 e5 6. Ndb5 d6 7. Bg5 a6 8.
Na3 b5 9. Bxf6 gxf6 10. Nd5 f5 11. c3 Bg7 12. Bd3 Be6 13. Qh5 O-O 14. O-O f4
15. Rad1 Ne7 16. g4 Ng6 17. Nc2 Qh4 18. Qxh4 Nxh4 19. f3 Bxd5 20. exd5 Ng6 21.
Nb4 Bf6 22. Ra1 Ne7 23. Rfd1 Rfc8 24. a4 a5 25. Nc6 b4 26. Be4 Rc7 27. cxb4
axb4 28. b3 Nc8 29. Rac1 Kg7 30. Rc4 Nb6 31. Rxb4 Nd7 32. Rb5 Nc5 33. a5 Bh4
34. Kg2 h5 35. h3 Kh6 36. b4 Nb3 37. Rb6 Kg5 38. a6 hxg4 39. hxg4 Nd4 40. Nxd4
exd4 41. Rxd6 1-0

[Event "DEM U18 2004"]
[Site "Willingen GER"]
[Date "2004.06.05"]
[Round "9"]
[White "Holzschuh, Stephan"]
[Black "Lohr, Matthias"]
[Result "1-0"]
[Termination "normal"]
[Board "7"]
[WhiteElo "2153"]
[BlackElo "2182"]
[PlyCount "55"]
[WhiteFideId "4677471"]
[BlackFideId "4692772"]
[EventCountry "GER"]
[EventRounds "9"]
[EventType "swiss"]
[EventDate "2004.05.29"]

1. e4 c5 2. Nf3 d6 3. d4 cxd4 4. Nxd4 Nf6 5. Nc3 a6 6. Be3 e5 7. Nb3 Be6 8. f3
Be7 9. Qd2 Nbd7 10. g4 h6 11. O-O-O b5 12. h4 Nb6 13. Qf2 Nfd7 14. Kb1 Qc7 15.
Nd5 Bxd5 16. exd5 Nc4 17. Bc1 Rc8 18. Bd3 Qb6 19. Qe2 Qd8 20. f4 Kf8 21. g5
exf4 22. Bxf4 h5 23. Nd4 Nde5 24. Rhf1 Kg8 25. Bf5 Rc5 26. Ne6 fxe6 27. Bxe6+
Kh7 28. Qxh5# 1-0

[Event "DEM U18 2004"]
[Site "Willingen GER"]
[Date "2004.06.05"]
[Round "9"]
[White "Walter, Stefan"]
[Black "Laßan, Christian"]
[Result "0-1"]
[Termination "normal"]
[Board "8"]
[WhiteElo "2157"]
[BlackElo "2074"]
[PlyCount "94"]
[WhiteFideId "4686608"]
[BlackFideId "4685997"]
[EventCountry "GER"]
[EventRounds "9"]
[EventType "swiss"]
[EventDate "2004.05.29"]

1. d4 c5 2. d5 Nf6 3. c4 Ne4 4. Qc2 Qa5+ 5. Nc3 Nxc3 6. Bd2 e5 7. dxe6 dxe6 8.
Bxc3 Qc7 9. Nf3 Nc6 10. e3 e5 11. O-O-O f6 12. Bd3 Nb4 13. Bxb4 cxb4 14. Bxh7
Rxh7 15. Qxh7 Qxc4+ 16. Kb1 Be6 17. b3 Qg4 18. Qh4 Qg6+ 19. Kb2 a5 20. Nd2 Qd3
21. Nb1 Qb5 22. Qe4 a4 23. Qg6+ Ke7 24. Qd3 Qa5 25. Rd2 axb3 26. axb3 Kf7 27.
Kc1 Be7 28. Kd1 Rd8 29. Qc2 Rc8 30. Qb2 Rc3 31. Ke1 Rxb3 32. Qc2 Qa1 33. Ke2
Qa6+ 34. Kf3 Qb5 35. Rhd1 e4+ 36. Qxe4 Bf5 37. Qh4 Bxb1 38. Rd5 Qc6 39. Kg3 Bg6
40. Rd7 Qc5 41. Qf4 Qe5 42. Qxe5 fxe5 43. Rxb7 Rd3 44. Ra1 Be4 45. Rb5 Rd5 46.
Rb8 Rd7 47. f3 Rb7 0-1

[Event "DEM U18 2004"]
[Site "Willingen GER"]
[Date "2004.06.05"]
[Round "9"]
[White "Sbierski, Jan"]
[Black "Döhn, Raphael"]
[Result "0-1"]
[Termination "normal"]
[Board "9"]
[WhiteElo "1859"]
[BlackElo "2052"]
[PlyCount "50"]
[BlackFideId "4695291"]
[EventCountry "GER"]
[EventRounds "9"]
[EventType "swiss"]
[EventDate "2004.05.29"]

1. d4 f5 2. Bg5 Nf6 3. Bxf6 exf6 4. e3 d5 5. Bd3 Bd6 6. Ne2 c6 7. c3 Qe7 8. Qc2
g6 9. g3 Be6 10. Nd2 Nd7 11. h4 h5 12. Nf4 Bf7 13. Ne2 a5 14. a4 b6 15. c4 O-O
16. O-O c5 17. Rac1 Rfc8 18. cxd5 Bxd5 19. Bc4 Bxc4 20. Qxc4+ Kg7 21. Qb3 cxd4
22. Nxd4 Nc5 23. Qb5 Bxg3 24. Nc4 Bc7 25. Kh1 Qe4+ 0-1

[Event "DEM U18 2004"]
[Site "Willingen GER"]
[Date "2004.06.05"]
[Round "9"]
[White "Röber, Jürgen"]
[Black "Engelmann, Jakob"]
[Result "1/2-1/2"]
[Termination "normal"]
[Board "10"]
[WhiteElo "2048"]
[BlackElo "1909"]
[PlyCount "39"]
[WhiteFideId "4697090"]
[BlackFideId "24619019"]
[EventCountry "GER"]
[EventRounds "9"]
[EventType "swiss"]
[EventDate "2004.05.29"]

1. e4 d5 2. exd5 Nf6 3. Bb5+ Bd7 4. Bc4 Bg4 5. f3 Bc8 6. Nc3 Nbd7 7. d3 Nb6 8.
Nge2 Nbxd5 9. Nxd5 Nxd5 10. Nf4 e6 11. Nxd5 exd5 12. Qe2+ Be6 13. Bb3 c6 14.
Bf4 Bc5 15. c3 O-O 16. d4 Bb6 17. O-O Re8 18. Qd2 Qd7 19. Rfe1 Bf5 20. Rxe8+
1/2-1/2

[Event "DEM U18 2004"]
[Site "Willingen GER"]
[Date "2004.06.05"]
[Round "9"]
[White "Trapp, Sascha"]
[Black "Willert, Christof"]
[Result "1-0"]
[Termination "normal"]
[Board "11"]
[WhiteElo "1950"]
[BlackElo "1673"]
[PlyCount "43"]
[EventCountry "GER"]
[EventRounds "9"]
[EventType "swiss"]
[EventDate "2004.05.29"]

1. e4 e6 2. d4 d5 3. Nd2 dxe4 4. Nxe4 Bd7 5. Nf3 Bc6 6. Bd3 Nd7 7. O-O Ngf6 8.
Qe2 Bxe4 9. Bxe4 Nxe4 10. Qxe4 c6 11. c3 Nf6 12. Qe2 Qc7 13. Ne5 Be7 14. Re1
O-O 15. Bf4 Qd8 16. Rad1 Nd7 17. Rd3 Nxe5 18. dxe5 Qc7 19. Qh5 f6 20. Rh3 Rad8
21. Qxh7+ Kf7 22. exf6 1-0

[Event "DEM U18 2004"]
[Site "Willingen GER"]
[Date "2004.06.05"]
[Round "9"]
[White "Peters, Stefan"]
[Black "Steinbrügge, Rene"]
[Result "1/2-1/2"]
[Termination "normal"]
[Board "12"]
[WhiteElo "1892"]
[BlackElo "1866"]
[PlyCount "89"]
[EventCountry "GER"]
[EventRounds "9"]
[EventType "swiss"]
[EventDate "2004.05.29"]

1. e4 e5 2. Nf3 Nc6 3. Bb5 Bc5 4. c3 Nge7 5. O-O a6 6. Ba4 Bb6 7. d4 exd4 8.
cxd4 O-O 9. d5 Nb8 10. Bc2 d6 11. h3 h6 12. Nc3 Nd7 13. Nd4 Nf6 14. Be3 Ng6 15.
Nce2 Re8 16. Ng3 Bd7 17. Qd2 Ne5 18. b3 c6 19. dxc6 Nxc6 20. Rad1 Ba5 21. Nxc6
Bxc6 22. b4 Bc7 23. f3 d5 24. Qe1 Bb6 25. Nf5 Bxe3+ 26. Qxe3 Qc7 27. Qc3 Qe5
28. Qxe5 Rxe5 29. f4 Ree8 30. e5 Ne4 31. Bxe4 dxe4 32. Rfe1 Rad8 33. Rxd8 Rxd8
34. Ne7+ Kf8 35. Nxc6 bxc6 36. Rxe4 Rd1+ 37. Kh2 Ra1 38. Re2 Ke7 39. Rd2 Rb1
40. a3 Rb3 41. Rd6 Rc3 42. h4 h5 43. f5 f6 44. exf6+ gxf6 45. Re6+ 1/2-1/2

[Event "DEM U18 2004"]
[Site "Willingen GER"]
[Date "2004.06.05"]
[Round "9"]
[White "Roggon, Jacob"]
[Black "Mischke, Christian"]
[Result "1/2-1/2"]
[Termination "normal"]
[Board "13"]
[WhiteElo "2041"]
[BlackElo "1782"]
[PlyCount "44"]
[WhiteFideId "4689550"]
[EventCountry "GER"]
[EventRounds "9"]
[EventType "swiss"]
[EventDate "2004.05.29"]

1. Nf3 Nf6 2. d4 d5 3. Bf4 e6 4. e3 Bd6 5. Nbd2 O-O 6. Bd3 c5 7. Bg5 h6 8. Bh4
Nc6 9. c3 cxd4 10. exd4 Re8 11. O-O e5 12. dxe5 Nxe5 13. Nxe5 Bxe5 14. Nb3 Qb6
15. Bg3 Ne4 16. Bxe5 Rxe5 17. Bc2 Rg5 18. Qd3 Qg6 19. g3 h5 20. f3 Rxg3+ 21.
hxg3 Qxg3+ 22. Kh1 Qh3+ 1/2-1/2

[Event "DEM U18w 2004"]
[Site "Willingen GER"]
[Date "2004.05.30"]
[Round "1"]
[White "Schulz, Stefanie"]
[Black "Beltz, Carmen"]
[Result "1-0"]
[Termination "normal"]
[Board "1"]
[WhiteElo "2079"]
[BlackElo "1763"]
[PlyCount "51"]
[WhiteFideId "4693060"]
[BlackFideId "24608726"]
[EventCountry "GER"]
[EventRounds "9"]
[EventType "swiss"]
[EventDate "2004.05.29"]

1. e4 c5 2. d3 Nc6 3. g3 g6 4. Bg2 Bg7 5. f4 d6 6. Nf3 e6 7. O-O Nge7 8. c3 O-O
9. Be3 b6 10. Bf2 Bb7 11. Na3 Qd7 12. Nc2 d5 13. e5 Rac8 14. Qd2 Rfd8 15. Rfd1
Qc7 16. d4 c4 17. g4 Rb8 18. Bh4 Rf8 19. Bf6 Bc8 20. h4 b5 21. h5 a5 22. Kf2
Kh8 23. f5 Ng8 24. Bxg7+ Kxg7 25. f6+ Kh8 26. Rh1 1-0

[Event "DEM U18w 2004"]
[Site "Willingen GER"]
[Date "2004.05.30"]
[Round "1"]
[White "Zabarska, Natalia"]
[Black "Romakin, Helene"]
[Result "0-1"]
[Termination "normal"]
[Board "2"]
[WhiteElo "1709"]
[BlackElo "2061"]
[PlyCount "58"]
[WhiteFideId "24608009"]
[BlackFideId "24605964"]
[EventCountry "GER"]
[EventRounds "9"]
[EventType "swiss"]
[EventDate "2004.05.29"]

1. e4 c5 2. Nc3 Nc6 3. f4 g6 4. Nf3 Bg7 5. Bc4 e6 6. f5 Nge7 7. fxg6 hxg6 8.
Qe2 Ne5 9. d3 N7c6 10. Bf4 d6 11. O-O-O Qa5 12. h4 Nxc4 13. dxc4 Bxc3 14. bxc3
Qxc3 15. Bxd6 Qa3+ 16. Kd2 Bd7 17. Ke1 O-O-O 18. Kf2 b6 19. Rd3 Qxa2 20. Rhd1
Qxc4 21. Ne5 Nxe5 22. Bxe5 Rxh4 23. Qd2 Rxe4 24. Kg1 Rxe5 25. Rxd7 Rd5 26.
Rxd8+ Kxd8 27. Qg5+ Ke8 28. Rxd5 Qxd5 29. Qf6 Qd4+ 0-1

[Event "DEM U18w 2004"]
[Site "Willingen GER"]
[Date "2004.05.30"]
[Round "1"]
[White "Schöne, Maria"]
[Black "Schmidt, Jade"]
[Result "1-0"]
[Termination "normal"]
[Board "3"]
[WhiteElo "2037"]
[BlackElo "1699"]
[PlyCount "63"]
[WhiteFideId "4681410"]
[EventCountry "GER"]
[EventRounds "9"]
[EventType "swiss"]
[EventDate "2004.05.29"]

1. e4 c5 2. Nf3 d6 3. d4 cxd4 4. Nxd4 Nf6 5. Nc3 Nc6 6. Bg5 e6 7. f3 a6 8. Qd2
Bd7 9. O-O-O Be7 10. h4 Qa5 11. Nb3 Qc7 12. Be3 Ne5 13. Kb1 Nc4 14. Bxc4 Qxc4
15. g4 b5 16. Ne2 Qc7 17. Ng3 Bc8 18. Qf2 Nd7 19. f4 Nc5 20. Bd4 Bb7 21. Nxc5
dxc5 22. Bxg7 Rg8 23. Be5 Qc6 24. g5 b4 25. Rhe1 a5 26. Nh5 a4 27. f5 Bc8 28.
Ng7+ Rxg7 29. Bxg7 Bd6 30. g6 hxg6 31. fxg6 fxg6 32. Qf6 1-0

[Event "DEM U18w 2004"]
[Site "Willingen GER"]
[Date "2004.05.30"]
[Round "1"]
[White "Ströhle, Kathrin"]
[Black "Beltz, Franziska"]
[Result "0-1"]
[Termination "normal"]
[Board "4"]
[WhiteElo "1691"]
[BlackElo "2028"]
[PlyCount "70"]
[WhiteFideId "4633881"]
[BlackFideId "4681401"]
[EventCountry "GER"]
[EventRounds "9"]
[EventType "swiss"]
[EventDate "2004.05.29"]

1. e4 c5 2. Nf3 d6 3. d4 cxd4 4. Nxd4 Nf6 5. Nc3 a6 6. Be2 Qc7 7. Be3 e6 8. O-O
b5 9. a3 Bb7 10. f3 Be7 11. Qd2 O-O 12. Rad1 Rd8 13. Qe1 Nbd7 14. Kh1 Ne5 15.
Qg3 Rac8 16. Bh6 Ng6 17. Be3 Kh8 18. Bd3 Ne5 19. Bc1 Nc4 20. Nce2 Qb6 21. Rfe1
b4 22. a4 Ne5 23. Be3 Qc7 24. Qf2 Nfd7 25. Nc1 Nc5 26. b3 Bf6 27. Nde2 d5 28.
Bxc5 Qxc5 29. Qxc5 Rxc5 30. exd5 Rdxd5 31. Rd2 Rd8 32. Red1 Rdc8 33. f4 Ng4 34.
Re1 Ne3 35. Ng3 Nxc2 0-1

[Event "DEM U18w 2004"]
[Site "Willingen GER"]
[Date "2004.05.30"]
[Round "1"]
[White "Wolk, Friederike"]
[Black "Reeves, Anna"]
[Result "1-0"]
[Termination "normal"]
[Board "5"]
[WhiteElo "1992"]
[BlackElo "1685"]
[PlyCount "97"]
[WhiteFideId "4693400"]
[EventCountry "GER"]
[EventRounds "9"]
[EventType "swiss"]
[EventDate "2004.05.29"]

1. e4 e5 2. Nf3 Nc6 3. Nc3 Nf6 4. a3 Bc5 5. Nxe5 Nxe5 6. d4 Bd6 7. f4 Nc6 8. e5
Be7 9. d5 Nxd5 10. Qxd5 d6 11. exd6 Qxd6 12. Qxd6 Bxd6 13. Nb5 Ke7 14. Nxd6
Kxd6 15. Be3 Re8 16. O-O-O+ Ke6 17. Bc4+ Kf6 18. Bd2 Kg6 19. Bc3 Be6 20. Bd3+
Bf5 21. g4 Bxd3 22. Rxd3 h6 23. Rhd1 Rad8 24. Rxd8 Rxd8 25. Rxd8 Nxd8 26. Be5
c6 27. Bc7 Ne6 28. f5+ Kg5 29. fxe6 fxe6 30. Be5 g6 31. Bg7 Kxg4 32. Bxh6 e5
33. Bg7 e4 34. Kd2 Kf3 35. Bd4 g5 36. Bxa7 g4 37. Bb8 e3+ 38. Ke1 e2 39. Bd6
Ke3 40. Bc5+ Kf3 41. a4 Kg2 42. Bd6 Kf3 43. b4 Ke3 44. Bc5+ Kf3 45. c4 Kg2 46.
Bd6 Kf3 47. b5 cxb5 48. cxb5 Ke3 49. a5 1-0